|
|
|
|
| LEADER |
00000nab a2200000 a 4500 |
| 001 |
vtls000894914 |
| 003 |
SK-MaSNL |
| 005 |
20260303194347.0 |
| 008 |
040720e19970616xo 0 slo |
| 035 |
|
|
|a KE3946
|
| 040 |
|
|
|a KEVKJB
|b slo
|c KEVKJB
|e AACR2
|
| 041 |
0 |
|
|a slo
|
| 044 |
|
|
|a xo
|c SK
|
| 080 |
|
|
|a 792.5
|2 1981
|
| 100 |
1 |
|
|a Grega, Ľubomír
|4 aut
|9 355455
|
| 245 |
1 |
0 |
|a Šéf Twistu oslávil v Oliverovi Twistovi triumfálny "come back" na košickú scénu
|
| 300 |
|
|
|b 1 foto
|
| 590 |
|
|
|a Bednárik, Jozef
|b slovenský režisér
|
| 600 |
1 |
7 |
|a Bednárik, Jozef,
|d 1947-2013
|2 KEVKJB
|9 174461
|
| 610 |
2 |
7 |
|a Divadlo Janka Borodáča
|2 KEVKJB
|9 232364
|
| 610 |
2 |
7 |
|a Východoslovenské štátne divadlo v Košiciach
|2 KEVKJB
|9 232428
|
| 650 |
0 |
7 |
|a muzikál Oliver
|2 KEVKJB
|9 886716
|
| 650 |
0 |
7 |
|a naštudovanie
|2 KEVKJB
|9 886123
|
| 650 |
0 |
7 |
|a premiéry
|2 KEVKJB
|9 878015
|
| 651 |
|
7 |
|a Košice (Slovensko)
|2 KEVKJB
|9 18694
|
| 651 |
|
7 |
|a KE,
|2 KEVKJB
|9 877256
|
| 651 |
|
7 |
|a KE,
|2 KEVKJB
|9 877256
|
| 655 |
|
7 |
|a periodikum
|2 snkbucl
|9 29553
|
| 710 |
2 |
|
|a Divadlo Janka Borodáča
|4 aut
|9 232364
|
| 773 |
0 |
8 |
|t Korzo
|g Roč. 4, č.137, 16.6.1997, s. 4
|
| 852 |
|
|
|a ZVYKNI
|b KIS3GCP
|
| 999 |
|
|
|c 2157119
|d 2159049
|